[Event "ODJM B 2025"]
[Site "Willingen GER"]
[Date "2025.06.08"]
[Round "1"]
[White "Mai, Maximilian"]
[Black "Berger, Johanna"]
[Result "1-0"]
[Termination "normal"]
[Board "57"]
[WhiteElo "1697"]
[BlackElo "1591"]
[WhiteClock "01:16:59"]
[BlackClock "00:26:21"]
[PlyCount "97"]
[WhiteFideId "34628924"]
[BlackFideId "16207025"]
[EventCountry "GER"]
[EventRounds "9"]
[EventType "swiss"]
[EventDate "2025.06.07"]

1. d4 {[%clk 01:30:40]} {[%emt 00:00:18]} f5 {[%clk 01:30:55]} {[%emt
00:00:06]} 2. c4 {[%clk 01:30:01]} {[%emt 00:01:10]} e6 {[%clk 01:31:06]}
{[%emt 00:00:18]} 3. Nc3 {[%clk 01:28:55]} {[%emt 00:01:37]} Nf6 {[%clk
01:31:15]} {[%emt 00:00:21]} 4. Nf3 {[%clk 01:26:22]} {[%emt 00:03:03]} b6
{[%clk 01:28:32]} {[%emt 00:03:14]} 5. Bf4 {[%clk 01:24:10]} {[%emt 00:02:41]}
d6 {[%clk 01:27:15]} {[%emt 00:01:47]} 6. e3 {[%clk 01:20:41]} {[%emt
00:03:58]} Nbd7 {[%clk 01:22:04]} {[%emt 00:05:42]} 7. Ng5 {[%clk 01:05:06]}
{[%emt 00:16:05]} Qe7 {[%clk 01:13:03]} {[%emt 00:09:30]} 8. Nb5 {[%clk
01:05:22]} {[%emt 00:00:15]} Nb8 {[%clk 01:13:26]} {[%emt 00:00:07]} 9. Qf3
{[%clk 01:02:18]} {[%emt 00:03:34]} Ne4 {[%clk 00:57:41]} {[%emt 00:16:14]} 10.
Nxe4 {[%clk 01:02:10]} {[%emt 00:00:38]} fxe4 {[%clk 00:53:06]} {[%emt
00:05:05]} 11. Qxe4 {[%clk 01:02:33]} {[%emt 00:00:07]} c6 {[%clk 00:46:53]}
{[%emt 00:06:43]} 12. Bxd6 {[%clk 00:51:47]} {[%emt 00:11:16]} Qf7 {[%clk
00:44:35]} {[%emt 00:02:48]} 13. Nc7+ {[%clk 00:46:20]} {[%emt 00:05:57]} Kd7
{[%clk 00:41:58]} {[%emt 00:03:07]} 14. Qf4 {[%clk 00:46:28]} {[%emt 00:00:23]}
Qxf4 {[%clk 00:40:15]} 15. Bxf4 {[%clk 00:46:54]} {[%emt 00:02:16]} Bb4+ {[%clk
00:40:26]} {[%emt 00:00:20]} 16. Kd1 {[%clk 00:47:15]} {[%emt 00:00:09]} Bb7
{[%clk 00:39:58]} {[%emt 00:00:57]} 17. Nxa8 {[%clk 00:47:34]} {[%emt
00:00:11]} Bxa8 {[%clk 00:40:19]} {[%emt 00:00:09]} 18. Bxb8 {[%clk 00:47:30]}
{[%emt 00:00:35]} Rxb8 {[%clk 00:40:42]} {[%emt 00:00:07]} 19. Bd3 {[%clk
00:47:14]} {[%emt 00:00:46]} Rf8 {[%clk 00:37:35]} {[%emt 00:03:37]} 20. f3
{[%clk 00:47:18]} {[%emt 00:00:26]} h6 {[%clk 00:35:28]} {[%emt 00:02:36]} 21.
Be4 {[%clk 00:47:41]} {[%emt 00:00:08]} Bb7 {[%clk 00:29:50]} {[%emt 00:06:07]}
22. a3 {[%clk 00:47:22]} {[%emt 00:00:50]} Be7 {[%clk 00:27:17]} {[%emt
00:03:02]} 23. b4 {[%clk 00:47:47]} {[%emt 00:00:06]} Kc7 {[%clk 00:22:58]}
{[%emt 00:04:49]} 24. b5 {[%clk 00:46:37]} {[%emt 00:01:40]} c5 {[%clk
00:20:04]} {[%emt 00:03:24]} 25. Bxb7 {[%clk 00:46:56]} {[%emt 00:00:11]} Kxb7
{[%clk 00:20:31]} {[%emt 00:00:03]} 26. Ke2 {[%clk 00:46:51]} {[%emt 00:00:34]}
cxd4 {[%clk 00:19:33]} {[%emt 00:01:28]} 27. exd4 {[%clk 00:47:16]} {[%emt
00:00:06]} Rc8 {[%clk 00:16:32]} {[%emt 00:03:30]} 28. Rhc1 {[%clk 00:47:32]}
{[%emt 00:00:14]} Bf6 {[%clk 00:16:56]} {[%emt 00:00:06]} 29. Ke3 {[%clk
00:47:51]} {[%emt 00:00:11]} e5 {[%clk 00:15:25]} {[%emt 00:02:01]} 30. d5
{[%clk 00:47:37]} {[%emt 00:00:45]} Rf8 {[%clk 00:15:12]} {[%emt 00:00:42]} 31.
Ke4 {[%clk 00:47:50]} {[%emt 00:00:17]} Rc8 {[%clk 00:13:07]} {[%emt 00:02:35]}
32. Rc2 {[%clk 00:47:46]} {[%emt 00:00:34]} Rc5 {[%clk 00:13:15]} {[%emt
00:00:22]} 33. Rd1 {[%clk 00:47:54]} {[%emt 00:00:22]} Kc7 {[%clk 00:10:35]}
{[%emt 00:03:11]} 34. a4 {[%clk 00:47:40]} {[%emt 00:00:44]} Kd6 {[%clk
00:10:23]} {[%emt 00:00:41]} 35. Kf5 {[%clk 00:47:49]} {[%emt 00:00:21]} Rc8
{[%clk 00:08:05]} {[%emt 00:02:48]} 36. Re1 {[%clk 00:46:30]} {[%emt 00:01:49]}
Re8 {[%clk 00:04:35]} {[%emt 00:04:00]} 37. Rce2 {[%clk 00:45:56]} {[%emt
00:01:03]} Kc5 {[%clk 00:03:28]} {[%emt 00:01:38]} 38. Re4 {[%clk 00:43:57]}
{[%emt 00:02:28]} Re7 {[%clk 00:03:53]} {[%emt 00:00:06]} 39. f4 {[%clk
00:44:02]} {[%emt 00:00:25]} Rf7 {[%clk 00:02:18]} {[%emt 00:02:05]} 40. Kg6
{[%clk 00:44:27]} {[%emt 00:00:06]} Rf8 {[%clk 00:01:22]} {[%emt 00:01:25]} 41.
fxe5 {[%clk 00:44:39]} {[%emt 00:00:18]} Bg5 {[%clk 00:27:20]} {[%emt
00:04:31]} 42. h4 {[%clk 01:14:58]} {[%emt 00:00:12]} Bd2 {[%clk 00:27:14]}
{[%emt 00:00:35]} 43. R1e2 {[%clk 01:15:24]} {[%emt 00:00:05]} Bc1 {[%clk
00:27:31]} {[%emt 00:00:13]} 44. Kxg7 {[%clk 01:15:36]} {[%emt 00:00:18]} Rf1
{[%clk 00:26:17]} {[%emt 00:01:44]} 45. e6 {[%clk 01:16:01]} {[%emt 00:00:06]}
Kd6 {[%clk 00:25:05]} {[%emt 00:01:41]} 46. e7 {[%clk 01:16:27]} {[%emt
00:00:04]} Kd7 {[%clk 00:25:30]} {[%emt 00:00:05]} 47. e8=Q+ {[%clk 01:16:45]}
{[%emt 00:00:10]} Kc7 {[%clk 00:25:55]} {[%emt 00:00:07]} 48. Re7+ {[%clk
01:17:05]} {[%emt 00:00:10]} Kd6 {[%clk 00:26:21]} {[%emt 00:00:04]} 49. Qc6#
{[%clk 01:16:59]} {[%emt 00:00:05]} 1-0

[Event "ODJM B 2025"]
[Site "Willingen GER"]
[Date "2025.06.08"]
[Round "1"]
[White "Huth, Fabienne"]
[Black "Hesse, Lucas"]
[Result "0-1"]
[Termination "normal"]
[Board "58"]
[WhiteElo "1402"]
[BlackElo "1508"]
[WhiteClock "00:26:12"]
[BlackClock "01:11:25"]
[PlyCount "90"]
[WhiteFideId "34660739"]
[BlackFideId "16261330"]
[EventCountry "GER"]
[EventRounds "9"]
[EventType "swiss"]
[EventDate "2025.06.07"]

1. e4 {[%clk 01:30:57]} {[%emt 00:00:03]} d5 {[%clk 01:30:48]} {[%emt
00:00:12]} 2. exd5 {[%clk 01:31:16]} {[%emt 00:00:10]} Qxd5 {[%clk 01:31:11]}
{[%emt 00:00:08]} 3. Nc3 {[%clk 01:31:33]} {[%emt 00:00:13]} Qa5 {[%clk
01:31:38]} {[%emt 00:00:03]} 4. d4 {[%clk 01:31:20]} {[%emt 00:00:43]} c6
{[%clk 01:32:01]} {[%emt 00:00:07]} 5. Bd2 {[%clk 01:30:24]} {[%emt 00:01:26]}
Qc7 {[%clk 01:32:23]} {[%emt 00:00:09]} 6. Nf3 {[%clk 01:29:50]} {[%emt
00:01:03]} Bg4 {[%clk 01:32:39]} {[%emt 00:00:13]} 7. Be2 {[%clk 01:29:22]}
{[%emt 00:00:59]} Nf6 {[%clk 01:32:51]} {[%emt 00:00:18]} 8. h3 {[%clk
01:27:53]} {[%emt 00:01:58]} Bf5 {[%clk 01:31:41]} {[%emt 00:01:41]} 9. Bc4
{[%clk 01:17:42]} {[%emt 00:10:41]} e6 {[%clk 01:31:00]} {[%emt 00:01:12]} 10.
Ne5 {[%clk 01:10:56]} {[%emt 00:07:15]} Nbd7 {[%clk 01:29:43]} {[%emt
00:01:44]} 11. Bf4 {[%clk 01:08:55]} {[%emt 00:02:34]} Bd6 {[%clk 01:29:50]}
{[%emt 00:00:24]} 12. Qe2 {[%clk 01:05:38]} {[%emt 00:03:47]} O-O {[%clk
01:27:04]} {[%emt 00:03:16]} 13. O-O {[%clk 01:03:05]} {[%emt 00:03:02]} Nd5
{[%clk 01:26:40]} {[%emt 00:00:54]} 14. Bxd5 {[%clk 00:56:57]} {[%emt
00:06:37]} exd5 {[%clk 01:22:52]} {[%emt 00:04:19]} 15. Nxd7 {[%clk 00:50:05]}
{[%emt 00:07:21]} Bxd7 {[%clk 01:22:34]} {[%emt 00:00:49]} 16. Bxd6 {[%clk
00:48:39]} {[%emt 00:01:56]} Qxd6 {[%clk 01:22:58]} {[%emt 00:00:06]} 17. Qd3
{[%clk 00:44:20]} {[%emt 00:04:48]} Qf6 {[%clk 01:19:42]} {[%emt 00:03:47]} 18.
Ne2 {[%clk 00:40:58]} {[%emt 00:03:52]} Bf5 {[%clk 01:19:05]} {[%emt 00:01:07]}
19. Qd2 {[%clk 00:37:30]} {[%emt 00:03:57]} Rfe8 {[%clk 01:17:00]} {[%emt
00:02:36]} 20. Ng3 {[%clk 00:34:18]} {[%emt 00:03:41]} Bg6 {[%clk 01:17:17]}
{[%emt 00:00:13]} 21. c3 {[%clk 00:33:27]} {[%emt 00:01:21]} h5 {[%clk
01:14:39]} {[%emt 00:03:08]} 22. Rae1 {[%clk 00:28:08]} {[%emt 00:05:49]} h4
{[%clk 01:10:41]} {[%emt 00:04:29]} 23. Ne2 {[%clk 00:24:01]} {[%emt 00:04:28]}
Bf5 {[%clk 01:08:02]} {[%emt 00:03:17]} 24. g4 {[%clk 00:21:24]} {[%emt
00:03:07]} hxg3 {[%clk 01:08:01]} {[%emt 00:00:31]} 25. fxg3 {[%clk 00:21:38]}
{[%emt 00:00:16]} Qg6 {[%clk 01:04:03]} {[%emt 00:04:28]} 26. Kh2 {[%clk
00:18:03]} {[%emt 00:04:05]} Qh5 {[%clk 01:02:26]} {[%emt 00:02:07]} 27. h4
{[%clk 00:15:30]} {[%emt 00:03:03]} Qg4 {[%clk 00:53:38]} {[%emt 00:09:18]} 28.
Nf4 {[%clk 00:12:52]} {[%emt 00:03:08]} f6 {[%clk 00:50:31]} {[%emt 00:03:37]}
29. Qd1 {[%clk 00:12:48]} {[%emt 00:00:34]} Qxd1 {[%clk 00:48:33]} {[%emt
00:02:28]} 30. Rxd1 {[%clk 00:12:53]} {[%emt 00:00:25]} Re3 {[%clk 00:48:44]}
{[%emt 00:00:19]} 31. Ng2 {[%clk 00:11:37]} {[%emt 00:01:46]} Re2 {[%clk
00:47:52]} {[%emt 00:01:22]} 32. Rxf5 {[%clk 00:11:32]} {[%emt 00:00:35]} Rae8
{[%clk 00:47:31]} {[%emt 00:00:51]} 33. Rdf1 {[%clk 00:10:30]} {[%emt
00:01:32]} Rxb2 {[%clk 00:47:31]} {[%emt 00:00:30]} 34. R5f2 {[%clk 00:09:53]}
{[%emt 00:01:07]} Ree2 {[%clk 00:47:12]} {[%emt 00:00:49]} 35. Rxe2 {[%clk
00:09:59]} {[%emt 00:00:23]} Rxe2 {[%clk 00:47:21]} {[%emt 00:00:22]} 36. Rb1
{[%clk 00:10:10]} {[%emt 00:00:19]} b6 {[%clk 00:47:30]} {[%emt 00:00:21]} 37.
a3 {[%clk 00:09:26]} {[%emt 00:01:14]} b5 {[%clk 00:47:24]} {[%emt 00:00:35]}
38. Kh3 {[%clk 00:07:55]} {[%emt 00:02:01]} Ra2 {[%clk 00:47:10]} {[%emt
00:00:45]} 39. Nf4 {[%clk 00:05:58]} {[%emt 00:02:27]} Rxa3 {[%clk 00:46:22]}
{[%emt 00:01:18]} 40. Rc1 {[%clk 00:05:27]} {[%emt 00:01:01]} Kf7 {[%clk
00:46:02]} {[%emt 00:00:49]} 41. Nd3 {[%clk 00:02:50]} {[%emt 00:03:07]} a5
{[%clk 00:46:15]} {[%emt 00:00:18]} 42. Kg4 {[%clk 00:30:12]} {[%emt 00:03:07]}
b4 {[%clk 01:12:26]} {[%emt 00:04:20]} 43. cxb4 {[%clk 00:26:59]} {[%emt
00:03:43]} Rxd3 {[%clk 01:12:33]} {[%emt 00:00:22]} 44. bxa5 {[%clk 00:27:23]}
{[%emt 00:00:06]} Rxd4+ {[%clk 01:12:49]} {[%emt 00:00:14]} 45. Kf5 {[%clk
00:26:12]} {[%emt 00:01:41]} g6# {[%clk 01:11:25]} {[%emt 00:00:18]} 0-1

[Event "ODJM B 2025"]
[Site "Willingen GER"]
[Date "2025.06.08"]
[Round "1"]
[White "Feichtner, David"]
[Black "Stoos, Laura-Alice"]
[Result "1-0"]
[Termination "normal"]
[Board "59"]
[WhiteElo "1776"]
[BlackElo "1706"]
[WhiteClock "01:11:25"]
[BlackClock "00:22:40"]
[PlyCount "63"]
[WhiteFideId "533013381"]
[BlackFideId "34651497"]
[EventCountry "GER"]
[EventRounds "9"]
[EventType "swiss"]
[EventDate "2025.06.07"]

1. e4 {[%clk 01:30:58]} {[%emt 00:00:01]} c6 {[%clk 01:30:54]} {[%emt
00:00:06]} 2. d4 {[%clk 01:31:25]} {[%emt 00:00:04]} d5 {[%clk 01:31:15]}
{[%emt 00:00:08]} 3. f3 {[%clk 01:31:51]} {[%emt 00:00:04]} dxe4 {[%clk
01:31:41]} {[%emt 00:00:05]} 4. fxe4 {[%clk 01:32:15]} {[%emt 00:00:06]} e5
{[%clk 01:32:07]} {[%emt 00:00:04]} 5. Nf3 {[%clk 01:32:39]} {[%emt 00:00:05]}
Bg4 {[%clk 01:32:31]} {[%emt 00:00:06]} 6. Bc4 {[%clk 01:32:55]} {[%emt
00:00:15]} Nd7 {[%clk 01:32:39]} {[%emt 00:00:22]} 7. O-O {[%clk 01:33:10]}
{[%emt 00:00:14]} Ngf6 {[%clk 01:32:58]} {[%emt 00:00:11]} 8. Nc3 {[%clk
01:32:44]} {[%emt 00:00:57]} Qb6 {[%clk 01:29:19]} {[%emt 00:04:08]} 9. Ne2
{[%clk 01:26:41]} {[%emt 00:06:33]} Nxe4 {[%clk 01:26:48]} {[%emt 00:03:01]}
10. Bxf7+ {[%clk 01:25:27]} {[%emt 00:01:44]} Kxf7 {[%clk 01:22:27]} {[%emt
00:04:51]} 11. Nxe5+ {[%clk 01:24:43]} {[%emt 00:01:14]} Ke8 {[%clk 01:15:37]}
{[%emt 00:07:17]} 12. Nxg4 {[%clk 01:24:01]} {[%emt 00:01:15]} Bd6 {[%clk
01:12:23]} {[%emt 00:03:44]} 13. Qd3 {[%clk 01:22:44]} {[%emt 00:01:46]} Nef6
{[%clk 01:09:22]} {[%emt 00:03:32]} 14. Nxf6+ {[%clk 01:22:08]} {[%emt
00:01:07]} Nxf6 {[%clk 01:09:30]} {[%emt 00:00:21]} 15. Nf4 {[%clk 01:21:55]}
{[%emt 00:00:43]} Bxf4 {[%clk 00:49:35]} {[%emt 00:20:26]} 16. Bxf4 {[%clk
01:21:10]} {[%emt 00:01:14]} Rd8 {[%clk 00:39:34]} {[%emt 00:10:30]} 17. Rfe1+
{[%clk 01:18:58]} {[%emt 00:02:41]} Kf7 {[%clk 00:38:41]} {[%emt 00:01:19]} 18.
Be5 {[%clk 01:18:03]} {[%emt 00:01:30]} c5 {[%clk 00:28:23]} {[%emt 00:10:49]}
19. Bxf6 {[%clk 01:16:10]} {[%emt 00:02:22]} gxf6 {[%clk 00:28:42]} {[%emt
00:00:12]} 20. Qc4+ {[%clk 01:15:27]} {[%emt 00:01:13]} Kg7 {[%clk 00:27:15]}
{[%emt 00:01:56]} 21. Re7+ {[%clk 01:15:32]} {[%emt 00:00:25]} Kh6 {[%clk
00:26:59]} {[%emt 00:00:46]} 22. Qd3 {[%clk 01:11:39]} {[%emt 00:04:23]} Qxb2
{[%clk 00:24:13]} 23. Qe3+ {[%clk 01:11:14]} {[%emt 00:04:11]} Kg6 {[%clk
00:24:04]} {[%emt 00:00:40]} 24. Qe4+ {[%clk 01:11:32]} {[%emt 00:00:12]} Kh6
{[%clk 00:23:29]} {[%emt 00:01:04]} 25. Qh4+ {[%clk 01:10:35]} {[%emt
00:01:27]} Kg6 {[%clk 00:23:47]} {[%emt 00:00:13]} 26. Qg4+ {[%clk 01:10:58]}
{[%emt 00:00:08]} Kh6 {[%clk 00:24:08]} {[%emt 00:00:08]} 27. Qg7+ {[%clk
01:11:20]} {[%emt 00:00:06]} Kh5 {[%clk 00:24:18]} {[%emt 00:00:21]} 28. g4+
{[%clk 01:11:26]} {[%emt 00:00:24]} Kh4 {[%clk 00:24:21]} {[%emt 00:00:26]} 29.
Qxf6+ {[%clk 01:11:18]} {[%emt 00:02:50]} Kh3 {[%clk 00:22:18]} {[%emt
00:02:31]} 30. Re3+ {[%clk 01:11:24]} {[%emt 00:00:25]} Kxg4 {[%clk 00:22:28]}
{[%emt 00:00:21]} 31. Rg3+ {[%clk 01:11:32]} {[%emt 00:00:21]} Kh5 {[%clk
00:22:40]} {[%emt 00:00:19]} 32. Qg5# {[%clk 01:11:25]} {[%emt 00:00:05]} 1-0

[Event "ODJM B 2025"]
[Site "Willingen GER"]
[Date "2025.06.08"]
[Round "1"]
[White "Geib, Niklas"]
[Black "Ihle, Ben"]
[Result "0-1"]
[Termination "normal"]
[Board "60"]
[WhiteElo "1581"]
[BlackElo "1752"]
[WhiteClock "00:15:23"]
[BlackClock "00:11:06"]
[PlyCount "58"]
[WhiteFideId "34682236"]
[BlackFideId "533020566"]
[EventCountry "GER"]
[EventRounds "9"]
[EventType "swiss"]
[EventDate "2025.06.07"]

1. d4 {[%clk 01:30:57]} Nf6 {[%clk 01:30:57]} {[%emt 00:00:03]} 2. Nf3 {[%clk
01:31:22]} {[%emt 00:00:06]} g6 {[%clk 01:31:24]} {[%emt 00:00:03]} 3. Bf4
{[%clk 01:31:47]} {[%emt 00:00:05]} Bg7 {[%clk 01:31:50]} {[%emt 00:00:03]} 4.
c4 {[%clk 01:31:59]} {[%emt 00:00:18]} O-O {[%clk 01:32:00]} {[%emt 00:00:20]}
5. Nc3 {[%clk 01:32:18]} {[%emt 00:00:11]} d6 {[%clk 01:30:26]} {[%emt
00:02:05]} 6. e3 {[%clk 01:32:43]} {[%emt 00:00:05]} Nh5 {[%clk 01:29:44]}
{[%emt 00:01:12]} 7. Bg3 {[%clk 01:32:58]} {[%emt 00:00:15]} Nxg3 {[%clk
01:30:07]} {[%emt 00:00:07]} 8. hxg3 {[%clk 01:33:23]} {[%emt 00:00:06]} Nd7
{[%clk 01:29:03]} {[%emt 00:01:34]} 9. Be2 {[%clk 01:32:22]} {[%emt 00:01:31]}
c5 {[%clk 01:28:32]} {[%emt 00:01:01]} 10. Qc2 {[%clk 01:31:48]} {[%emt
00:01:03]} cxd4 {[%clk 01:26:40]} {[%emt 00:02:23]} 11. Nxd4 {[%clk 01:29:56]}
{[%emt 00:02:22]} Nb6 {[%clk 01:20:19]} {[%emt 00:06:51]} 12. b3 {[%clk
01:25:46]} {[%emt 00:04:40]} Bd7 {[%clk 01:14:27]} {[%emt 00:06:22]} 13. Bf3
{[%clk 01:25:18]} {[%emt 00:00:58]} Rb8 {[%clk 00:57:00]} {[%emt 00:17:56]} 14.
Rd1 {[%clk 01:19:52]} {[%emt 00:05:56]} Qc7 {[%clk 00:53:27]} {[%emt 00:04:04]}
15. Ne4 {[%clk 01:13:18]} {[%emt 00:07:03]} Rbc8 {[%clk 00:48:30]} {[%emt
00:05:28]} 16. Be2 {[%clk 01:05:05]} {[%emt 00:08:43]} d5 {[%clk 00:41:08]}
{[%emt 00:07:51]} 17. c5 {[%clk 00:58:03]} {[%emt 00:07:32]} Bxd4 {[%clk
00:31:26]} {[%emt 00:10:13]} 18. exd4 {[%clk 00:54:14]} {[%emt 00:04:18]} dxe4
{[%clk 00:24:36]} {[%emt 00:07:20]} 19. Qxe4 {[%clk 00:54:18]} {[%emt
00:00:27]} f5 {[%clk 00:24:17]} {[%emt 00:00:49]} 20. Qh4 {[%clk 00:48:11]}
{[%emt 00:06:37]} Rf7 {[%clk 00:24:36]} {[%emt 00:00:10]} 21. cxb6 {[%clk
00:47:01]} {[%emt 00:01:40]} Qxb6 {[%clk 00:24:32]} {[%emt 00:00:34]} 22. Bc4
{[%clk 00:42:45]} {[%emt 00:04:47]} Qb4+ {[%clk 00:24:26]} {[%emt 00:00:36]}
23. Rd2 {[%clk 00:37:12]} {[%emt 00:06:02]} e6 {[%clk 00:23:37]} {[%emt
00:01:19]} 24. d5 {[%clk 00:35:45]} {[%emt 00:01:58]} Re7 {[%clk 00:17:48]}
{[%emt 00:06:18]} 25. Kd1 {[%clk 00:29:28]} {[%emt 00:06:48]} b5 {[%clk
00:15:51]} {[%emt 00:02:27]} 26. d6 {[%clk 00:26:44]} {[%emt 00:03:13]} Rf7
{[%clk 00:14:40]} {[%emt 00:01:41]} 27. Bd3 {[%clk 00:19:51]} {[%emt 00:07:22]}
Qc3 {[%clk 00:13:22]} {[%emt 00:01:49]} 28. Qh6 {[%clk 00:17:22]} {[%emt
00:02:59]} Bc6 {[%clk 00:11:30]} {[%emt 00:02:22]} 29. Qe3 {[%clk 00:15:23]}
{[%emt 00:02:29]} Qa1+ {[%clk 00:11:06]} {[%emt 00:00:54]} 0-1

[Event "ODJM B 2025"]
[Site "Willingen GER"]
[Date "2025.06.08"]
[Round "1"]
[White "Peglau, Lorena"]
[Black "Claussen, Alexander"]
[Result "0-1"]
[Termination "normal"]
[Board "62"]
[WhiteElo "1464"]
[BlackElo "1654"]
[WhiteClock "00:47:21"]
[BlackClock "00:18:57"]
[PlyCount "64"]
[WhiteFideId "16290542"]
[BlackFideId "16248910"]
[EventCountry "GER"]
[EventRounds "9"]
[EventType "swiss"]
[EventDate "2025.06.07"]

1. d4 {[%clk 01:30:58]} {[%emt 00:00:01]} e6 {[%clk 01:30:48]} {[%emt
00:00:13]} 2. c4 {[%clk 01:31:23]} {[%emt 00:00:05]} f5 {[%clk 01:31:11]}
{[%emt 00:00:07]} 3. Nc3 {[%clk 01:31:31]} {[%emt 00:00:21]} Nf6 {[%clk
01:31:34]} {[%emt 00:00:07]} 4. Nf3 {[%clk 01:31:25]} {[%emt 00:00:37]} Bb4
{[%clk 01:31:58]} {[%emt 00:00:07]} 5. Bd2 {[%clk 01:31:26]} {[%emt 00:00:29]}
b6 {[%clk 01:32:21]} {[%emt 00:00:06]} 6. e3 {[%clk 01:31:23]} {[%emt
00:00:32]} Bb7 {[%clk 01:32:46]} {[%emt 00:00:06]} 7. Be2 {[%clk 01:31:32]}
{[%emt 00:00:20]} O-O {[%clk 01:33:04]} {[%emt 00:00:12]} 8. O-O {[%clk
01:31:53]} {[%emt 00:00:09]} Bxc3 {[%clk 01:30:40]} {[%emt 00:02:55]} 9. Bxc3
{[%clk 01:32:01]} {[%emt 00:00:22]} Ne4 {[%clk 01:31:05]} {[%emt 00:00:05]} 10.
Qc2 {[%clk 01:31:30]} {[%emt 00:01:01]} d6 {[%clk 01:31:21]} {[%emt 00:00:14]}
11. Rfd1 {[%clk 01:30:04]} {[%emt 00:01:56]} Nd7 {[%clk 01:30:52]} {[%emt
00:00:59]} 12. a4 {[%clk 01:27:43]} {[%emt 00:02:50]} a5 {[%clk 01:31:14]}
{[%emt 00:00:09]} 13. Rac1 {[%clk 01:14:47]} {[%emt 00:13:26]} Qe8 {[%clk
01:30:13]} {[%emt 00:01:30]} 14. Nd2 {[%clk 01:08:29]} {[%emt 00:06:48]} Qg6
{[%clk 01:16:13]} {[%emt 00:14:30]} 15. Bf3 {[%clk 01:08:31]} {[%emt 00:00:28]}
Rab8 {[%clk 01:09:40]} {[%emt 00:07:03]} 16. Nxe4 {[%clk 01:07:16]} {[%emt
00:01:45]} fxe4 {[%clk 01:09:24]} {[%emt 00:00:46]} 17. Be2 {[%clk 01:07:07]}
{[%emt 00:00:38]} Rf6 {[%clk 01:08:29]} {[%emt 00:01:26]} 18. Rd2 {[%clk
01:06:49]} {[%emt 00:00:48]} Rbf8 {[%clk 01:07:26]} {[%emt 00:01:32]} 19. Bf1
{[%clk 01:06:42]} {[%emt 00:00:37]} R6f7 {[%clk 01:06:03]} {[%emt 00:01:54]}
20. Re1 {[%clk 01:05:10]} {[%emt 00:02:01]} Kh8 {[%clk 01:03:02]} {[%emt
00:03:31]} 21. h3 {[%clk 00:55:38]} {[%emt 00:10:02]} Qf5 {[%clk 01:01:27]}
{[%emt 00:02:05]} 22. b3 {[%clk 00:53:29]} {[%emt 00:02:39]} Rf6 {[%clk
00:50:14]} {[%emt 00:11:43]} 23. Ree2 {[%clk 00:52:42]} {[%emt 00:01:17]} h5
{[%clk 00:40:26]} {[%emt 00:10:18]} 24. g3 {[%clk 00:47:42]} {[%emt 00:05:30]}
Rg6 {[%clk 00:35:08]} {[%emt 00:05:48]} 25. Bg2 {[%clk 00:47:43]} {[%emt
00:00:28]} Nf6 {[%clk 00:29:38]} {[%emt 00:06:01]} 26. Kf1 {[%clk 00:47:31]}
{[%emt 00:00:42]} Rxg3 {[%clk 00:29:40]} {[%emt 00:00:29]} 27. Kg1 {[%emt
00:13:10]} Rg6 {[%clk 00:18:06]} 28. Re1 {[%clk 00:46:33]} {[%emt 00:00:51]}
Qxh3 {[%clk 00:18:20]} {[%emt 00:00:16]} 29. Kf1 {[%clk 00:46:33]} {[%emt
00:00:30]} Qxg2+ {[%clk 00:18:39]} {[%emt 00:00:12]} 30. Ke2 {[%clk 00:46:53]}
{[%emt 00:00:10]} Qf3+ {[%clk 00:19:03]} {[%emt 00:00:06]} 31. Kf1 {[%clk
00:47:12]} {[%emt 00:00:11]} Ng4 {[%clk 00:19:15]} {[%emt 00:00:18]} 32. Ree2
{[%clk 00:47:21]} {[%emt 00:00:20]} Qh1# {[%clk 00:18:57]} {[%emt 00:00:13]}
0-1